Essentials of Microbiology and Immunology (Record no. 339)

MARC details
000 -LEADER
Fixed length control field 00680nam a2200241Ia 4500
003 - CONTROL NUMBER IDENTIFIER
Control field IIN
005 - DATE AND TIME OF LATEST TRANSACTION
Control field 20250429110843.0
008 - FIXED-LENGTH DATA ELEMENTS--GENERAL INFORMATION
Fixed length control field 231217s9999 xx 000 0 und d
020 ## - INTERNATIONAL STANDARD BOOK NUMBER / ISBN
Price Rs.1095.00
International Standard Book Number 918181915047
040 ## - CATALOGING SOURCE
Original cataloging agency IIN
Language of cataloging English
082 ## - DEWEY DECIMAL CLASSIFICATION NUMBER
Classification number 616.9041
Book Number MOH
100 1# - MAIN ENTRY--PERSONAL NAME
Personal name Mohanty, S.K.
245 1# - TITLE STATEMENT
Title Essentials of Microbiology and Immunology
Sub title : Through Question and Answers /
Statement of responsibility S.K. Mohanty,...[et al]
260 ## - IMPRINT
Place of publication Hyderabad
Name of publisher Paras Medical
Date of publication 2019
300 ## - PHYSICAL DESCRIPTION
Page / Vol. No 614p.
Other physical details col. ill.
650 1# - SUBJECT ADDED ENTRY--TOPICAL TERM
Topical term Microbiology
650 1# - SUBJECT ADDED ENTRY--TOPICAL TERM
Topical term Immunology
700 ## - ADDED ENTRY--PERSONAL NAME
Personal name Leela, K Sai
700 ## - ADDED ENTRY--PERSONAL NAME
Personal name Pattanaik, Dipti
700 ## - ADDED ENTRY--PERSONAL NAME
Personal name Mahapatra, Ashoka
700 ## - ADDED ENTRY--PERSONAL NAME
Personal name Singh, Nipa
942 ## - ADDED ENTRY ELEMENTS (KOHA)
Koha item type Books
Holdings
Withdrawn status Lost status Source of classification Damaged status Not for loan Collection code Home library Current library Date acquired Price Total Checkouts Call number Accession number Date last seen Price effective from Koha item type Shelving location
    Dewey Decimal Classification       IDEAL INSTITUTE OF NURSING IDEAL INSTITUTE OF NURSING 17/12/2023 1095.00   616.9041 MOH 334 17/12/2023 17/12/2023 Books  
    Dewey Decimal Classification       IDEAL INSTITUTE OF NURSING IDEAL INSTITUTE OF NURSING 17/12/2023 1095.00   616.9041 MOH 335 17/12/2023 17/12/2023 Books  
    Dewey Decimal Classification       IDEAL INSTITUTE OF NURSING IDEAL INSTITUTE OF NURSING 17/12/2023 1095.00   616.9041 MOH 336 17/12/2023 17/12/2023 Books  
    Dewey Decimal Classification     Purches Book IDEAL INSTITUTE OF NURSING IDEAL INSTITUTE OF NURSING 11/03/2025 1095.00   616.9041 MOH 1925 29/04/2025 29/04/2025 Books General Stacks
© Ideal Institute Of Nursing, All rights reserved.         Powered by Koha